<?xml version="1.0" encoding="UTF-8"?>
<record
    xmlns:xsi="http://www.w3.org/2001/XMLSchema-instance"
    xsi:schemaLocation="http://www.loc.gov/MARC21/slim http://www.loc.gov/standards/marcxml/schema/MARC21slim.xsd"
    xmlns="http://www.loc.gov/MARC21/slim">

  <leader>00586nam a22002057a 4500</leader>
  <controlfield tag="003">Ost</controlfield>
  <controlfield tag="005">20230407153650.0</controlfield>
  <controlfield tag="008">190320b           ||||| |||| 00| 0 eng d</controlfield>
  <datafield tag="020" ind1=" " ind2=" ">
    <subfield code="a">9780761968047</subfield>
  </datafield>
  <datafield tag="040" ind1=" " ind2=" ">
    <subfield code="c">BT-PhCST</subfield>
  </datafield>
  <datafield tag="050" ind1=" " ind2=" ">
    <subfield code="a">21502-21504</subfield>
  </datafield>
  <datafield tag="082" ind1=" " ind2=" ">
    <subfield code="2">22</subfield>
    <subfield code="a">300.72</subfield>
    <subfield code="b">BAL</subfield>
  </datafield>
  <datafield tag="100" ind1=" " ind2=" ">
    <subfield code="a">Balnaves, Mark.</subfield>
  </datafield>
  <datafield tag="245" ind1=" " ind2=" ">
    <subfield code="a">Introduction to quantitative research methods :</subfield>
    <subfield code="b">an investigative approach /</subfield>
  </datafield>
  <datafield tag="260" ind1=" " ind2=" ">
    <subfield code="a">London :</subfield>
    <subfield code="b">Sage Publications,</subfield>
    <subfield code="c">c2001.</subfield>
  </datafield>
  <datafield tag="300" ind1=" " ind2=" ">
    <subfield code="a">x, 68047 p. :</subfield>
    <subfield code="b">ill. ;</subfield>
    <subfield code="c">24 cm.</subfield>
    <subfield code="e">CD Rom</subfield>
  </datafield>
  <datafield tag="500" ind1=" " ind2=" ">
    <subfield code="a">Includes index.</subfield>
  </datafield>
  <datafield tag="700" ind1=" " ind2=" ">
    <subfield code="a">Caputi, Peter.</subfield>
  </datafield>
  <datafield tag="942" ind1=" " ind2=" ">
    <subfield code="2">ddc</subfield>
    <subfield code="c">GEN</subfield>
  </datafield>
  <datafield tag="999" ind1=" " ind2=" ">
    <subfield code="c">7052</subfield>
    <subfield code="d">7052</subfield>
  </datafield>
  <datafield tag="952" ind1=" " ind2=" ">
    <subfield code="0">0</subfield>
    <subfield code="1">0</subfield>
    <subfield code="2">ddc</subfield>
    <subfield code="4">0</subfield>
    <subfield code="7">1</subfield>
    <subfield code="a">LIB001</subfield>
    <subfield code="b">LIB001</subfield>
    <subfield code="d">2019-03-20</subfield>
    <subfield code="g">2865.54</subfield>
    <subfield code="l">0</subfield>
    <subfield code="o">300.72 BAL</subfield>
    <subfield code="p">A21502</subfield>
    <subfield code="r">2019-03-20 00:00:00</subfield>
    <subfield code="v">5781.08</subfield>
    <subfield code="w">2019-03-20</subfield>
    <subfield code="y">GEN</subfield>
  </datafield>
  <datafield tag="952" ind1=" " ind2=" ">
    <subfield code="0">0</subfield>
    <subfield code="1">0</subfield>
    <subfield code="2">ddc</subfield>
    <subfield code="4">0</subfield>
    <subfield code="7">0</subfield>
    <subfield code="a">LIB001</subfield>
    <subfield code="b">LIB001</subfield>
    <subfield code="d">2019-03-20</subfield>
    <subfield code="g">2865.54</subfield>
    <subfield code="l">4</subfield>
    <subfield code="m">7</subfield>
    <subfield code="o">300.72 BAL</subfield>
    <subfield code="p">A21503</subfield>
    <subfield code="r">2025-09-30 00:00:00</subfield>
    <subfield code="s">2025-09-30</subfield>
    <subfield code="v">5781.08</subfield>
    <subfield code="w">2019-03-20</subfield>
    <subfield code="y">GEN</subfield>
  </datafield>
  <datafield tag="952" ind1=" " ind2=" ">
    <subfield code="0">0</subfield>
    <subfield code="1">0</subfield>
    <subfield code="2">ddc</subfield>
    <subfield code="4">0</subfield>
    <subfield code="7">0</subfield>
    <subfield code="a">LIB001</subfield>
    <subfield code="b">LIB001</subfield>
    <subfield code="d">2019-03-20</subfield>
    <subfield code="g">2865.54</subfield>
    <subfield code="l">1</subfield>
    <subfield code="o">300.72 BAL</subfield>
    <subfield code="p">A21504</subfield>
    <subfield code="r">2019-11-30 00:00:00</subfield>
    <subfield code="s">2019-07-19</subfield>
    <subfield code="v">5781.08</subfield>
    <subfield code="w">2019-03-20</subfield>
    <subfield code="y">GEN</subfield>
  </datafield>
</record>
